| 000 | 00591nam a2200193 a 4500 | ||
|---|---|---|---|
| 005 | 20260427155800.0 | ||
| 008 | 260416s2026##################000#0#eng## | ||
| 020 |
_a9780406000545 _qhbk |
||
| 041 | _aeng | ||
| 082 | 0 | 4 |
_a348.42 ALL(R) _bALLR |
| 100 | _aBridgman, G. F. L. | ||
| 245 | 1 | 0 |
_aThe All England Law Reports Reprint: _b1935 _c/G. F. L. Bridgman; |
| 260 |
_aThe Great Britain _bButterworth & Co. (Publishers) Ltd. _c1957 |
||
| 300 |
_a964p. : _c23.5cm. |
||
| 650 | _aLaws, regulations, cases | ||
| 700 | _aSwingland, O. M. W. | ||
| 700 | _aSummerfield, Henry | ||
| 942 | _cENGLISH | ||
| 999 |
_c619518 _d619518 |
||